• 首页
  • 本馆介绍
  • 公告通知
  • 最新文献
  • 馆藏检索
  • 电子资源
  • 读者导购
  • 参考咨询
  • 我的图书馆
  • 登录
  • 详细信息显示
  • 放入我的书架
  • 预约/预借图书
  • 作者相关作品
  • 分类相关作品
  • 丛书相关作品
  • 出版社相关作品

书目信息

  • 表格格式
  • 工作单格式
  • 卡片格式
题名:
木质素
    
 
作者: 蒋挺大 编著
分册:  
出版信息: 北京   化学工业出版社  2009
页数: 242页
开本: 24cm
丛书名:
单 册:
中图分类: O636.2
科图分类:
主题词: 木质素--废物综合利用 , 木质素 , 废物综合利用
电子资源:
ISBN: 978-7-122-03796-1
000 00790nam0 2200265 45
001 1050846328
005 20100420103219.23
010    @a978-7-122-03796-1@dCNY48.00
100    @a20100409d2009 ekmy0chiy0120 ea
101 0  @achi
102    @aCN@b110000
105    @ay z 000yy
106    @ar
200 1  @a木质素@AMu Zhi Su@f蒋挺大编著@FJiang Ting Da Bian Zhu
205    @a2版
210    @a北京@c化学工业出版社@d2009
215    @a242页@d24cm
330    @a本书内容包括:木质素的存在、木质素的结构、木质素的物理性质、木质素的化学性质、木质素的制备及检测等。
606 0  @a木质素@x废物综合利用
606 0  @a木质素
606 0  @a废物综合利用
690    @aO636.2@v4
701  0 @a蒋挺大@AJiang Ting Da@4编著
801  0 @aCN@bTANGWEI@c20100420
905    @b0591052-56@dO636.2@e68=2@f5
    
    木质素/蒋挺大编著.-2版.-北京:化学工业出版社,2009
    242页;24cm
    
    
    ISBN 978-7-122-03796-1:CNY48.00
    本书内容包括:木质素的存在、木质素的结构、木质素的物理性质、木质素的化学性质、木质素的制备及检测等。
●
相关链接 在E读中查询图书 在五车中查询图书 在当当中查询图书 在豆瓣中查询图书


正题名:木质素     索取号:O636.2/68=2         预约/预借

序号 登录号 条形码 馆藏地/架位号 状态 备注
1 0591052   205910521   第二样本阅览室/ [索取号:O636.2/68=2] 在馆    
2 0591053   205910530   密集书库-生命科学系/ [索取号:O636.2/68=2] 在馆    
3 0591054   205910549   第三借阅区/ [索取号:O636.2/68=2] 在馆    
4 0591055   205910558   第三借阅区/ [索取号:O636.2/68=2] 在馆    
5 0591056   205910567   第三借阅区/ [索取号:O636.2/68=2] 在馆    
唐山师范学院图书馆 欢迎您!
大连网信软件有限公司© 版权所有